|
|
|
|
| LEADER |
00000nam0a2200000 4500 |
| 001 |
147975 |
| 005 |
20231101221330.0 |
| 010 |
|
|
|a 9785911319410
|
| 035 |
|
|
|a (RuTPU)RU\TPU\book\160405
|
| 090 |
|
|
|a 147975
|
| 100 |
|
|
|a 20081124d2009 m y0rusy50 ca
|
| 101 |
0 |
|
|a rus
|
| 102 |
|
|
|a RU
|
| 105 |
|
|
|a y j 001zy
|
| 200 |
1 |
|
|a Методы социально-экономического прогнозирования
|e учебное пособие
|f С. В. Арженовский
|
| 210 |
|
|
|a Москва
|c Дашков и К
|d 2009
|
| 215 |
|
|
|a 236 с.
|
| 320 |
|
|
|a Библиогр.: с. 218-219.
|
| 330 |
|
|
|a В учебном пособии изложены в систематизированном виде: значение и содержание социально-экономического прогнозирования, классификация прогнозов, предварительный анализ временных рядов, методы выделения тренда, методы прогнозирования периодических колебаний, адаптивные методы прогнозирования, модель авторегрессии-проинтегрированного скользящего среднего, модели нестационарных временных рядов и модели волатильности, многофакторные модели прогнозирования, экспертные и системно-структурные методы прогнозирования. По каждому разделу приведены контрольные вопросы и задания, а также упражнения для самостоятельной работы. Приведены примеры решения задач из экономической области. Учебное пособие содержит необходимые сведения для выполнения прикладного анализа в программном комплексе Econometric Views. Для студентов высших учебных заведений, обучающихся по специальности «Статистика», «Математические методы в экономике» и другим экономическим специальностям, а также аспирантов и научных работников, применяющих в исследованиях методы социально-экономического прогнозирования.
|
| 606 |
1 |
|
|a Экономическое прогнозирование
|2 stltpush
|3 (RuTPU)RU\TPU\subj\37458
|9 58431
|
| 610 |
1 |
|
|a экономика
|
| 610 |
1 |
|
|a математические методы
|
| 610 |
1 |
|
|a социально-экономическое прогнозирование
|
| 610 |
1 |
|
|a временные ряды
|
| 610 |
1 |
|
|a динамика
|
| 610 |
1 |
|
|a моделирование
|
| 610 |
1 |
|
|a периодические колебания
|
| 610 |
1 |
|
|a адаптивные методы
|
| 610 |
1 |
|
|a авторегрессия
|
| 610 |
1 |
|
|a стационарность
|
| 610 |
1 |
|
|a тестирование
|
| 610 |
1 |
|
|a задачи
|
| 610 |
1 |
|
|a упражнения
|
| 610 |
1 |
|
|a учебные пособия
|
| 686 |
|
|
|a У9(2)230.38я73
|v LBC/SL-A
|2 rubbk
|
| 700 |
|
1 |
|a Арженовский
|b С. В.
|g Сергей Валентинович
|
| 801 |
|
1 |
|a RU
|b 63413507
|c 20081124
|g PSBO
|
| 801 |
|
2 |
|a RU
|b 63413507
|c 20180110
|g PSBO
|
| 900 |
|
|
|a Методы социально-экономического прогнозирования
|
| 942 |
|
|
|c BK
|
| 959 |
|
|
|a 112/20081124
|d 1
|e 143,00
|f ЧЗГЛ:1
|
| 959 |
|
|
|a 54/20090422
|d 1
|e 143,00
|f АНЛ:1
|